000 00623nam a2200205Ii 4500
003 JO-AjNU
008 230605s9999||||xx |||||||||||||| ||und||
017 _a2001/17231
040 _aJO-AjNU
_bara
_erda
_cJO-AjNU
041 _aara
050 1 4 _aQH437.J6612 2001
100 3 _aجونز، ستيف,
_eauthor
_938493
245 0 0 _aاقدم لك علم الوراثة
264 3 1 _aعمان:المجلس الاعلى للثقافة ، 2001
300 _a175ص
336 _atext
_btxt
_2rdacontent
337 _aunmediated
_bn
_2rdamedia
338 _avolume
_bnc
_2rdacarrier
650 4 _aعلم الوراثة
_938494
999 _aA16177
_c19745
_d19745